000363817 001__ 363817
000363817 005__ 20260126092546.0
000363817 037__ $$aGSI-2026-00027
000363817 041__ $$aEnglish
000363817 1001_ $$0P:(DE-HGF)0$$aKudaibergenova, Eleonora$$b0$$eCorresponding author
000363817 245__ $$aMeasurement of reaction cross sections for neutron-rich tin isotopes at the R³B setup
000363817 260__ $$c2026
000363817 300__ $$a126
000363817 3367_ $$2DataCite$$aOutput Types/Dissertation
000363817 3367_ $$2ORCID$$aDISSERTATION
000363817 3367_ $$2BibTeX$$aPHDTHESIS
000363817 3367_ $$02$$2EndNote$$aThesis
000363817 3367_ $$0PUB:(DE-HGF)11$$2PUB:(DE-HGF)$$aDissertation / PhD Thesis$$bphd$$mphd$$s1769415915_429472
000363817 3367_ $$2DRIVER$$adoctoralThesis
000363817 500__ $$aNOCHKG BMBF Verbundprojekt 05P24RD1
000363817 502__ $$aDissertation, TU Darmstadt, 2025$$bDissertation$$cTU Darmstadt$$d2025
000363817 536__ $$0G:(DE-HGF)POF4-612$$a612 - Cosmic Matter in the Laboratory (POF4-612)$$cPOF4-612$$fPOF IV$$x0
000363817 536__ $$0I:(DE-Ds200)HFHF-NuAstro-Exp$$aNuclear structure physics and nuclear astrophysics - Experiment (HFHF project) (I:(DE-Ds200)HFHF-NuAstro-Exp)$$cI:(DE-Ds200)HFHF-NuAstro-Exp$$x1
000363817 693__ $$0EXP:(DE-Ds200)S515-20221208$$5EXP:(DE-Ds200)S515-20221208$$eS515: Constraining energy-density functionals and the density-dependence of the symmetry energy by measurements of accurate cross sections with large acceptance at R3B (Station: FRS-HTC)$$x0
000363817 909CO $$ooai:repository.gsi.de:363817$$pVDB
000363817 9131_ $$0G:(DE-HGF)POF4-612$$1G:(DE-HGF)POF4-610$$2G:(DE-HGF)POF4-600$$3G:(DE-HGF)POF4$$4G:(DE-HGF)POF$$aDE-HGF$$bForschungsbereich Materie$$lMatter and the Universe$$vCosmic Matter in the Laboratory$$x0
000363817 9141_ $$y2026
000363817 920__ $$lyes
000363817 9201_ $$0I:(DE-Ds200)Coll-FAIR-R3B$$kR3B@FAIR$$lCollaboration FAIR: R3B$$x0
000363817 9201_ $$0I:(DE-Ds200)KRA-20150901OR349$$kKRA$$lKernreaktionen$$x1
000363817 980__ $$aphd
000363817 980__ $$aVDB
000363817 980__ $$aI:(DE-Ds200)Coll-FAIR-R3B
000363817 980__ $$aI:(DE-Ds200)KRA-20150901OR349
000363817 980__ $$aUNRESTRICTED